000 00709nam a2200205 a 4500
001 000041680
003 DO-SdBNP
005 20251029111124.0
008 131015s1980 ve 000 0 spa d
040 _aDO-SdBNP
_bspa
_cBNPHU
100 1 _aLara, Jorge Salvador
_934379
245 1 3 _aLa república del ecuador y el general Juan José Flores /
_cJorge Salvador Lara.
260 _aCaracas :
_bAcademia Nacional de la Historia,
_c1980.
300 _a206 p. ;
_c21 cm.
490 1 _aEl libro menor
_v13
504 _aIncluye referencias bibliográficas y notas al pie de las páginas
710 2 _aAcademia Nacional de la Historia (Venezuela)
_918184
830 0 _aEl libro menor
_949138
942 _2ddc
_cLBS1
999 _c41170
_d41170